Landscape Sketching in Pen and Ink: With Notes on Architectural Subjects (Dover Art Instruction) Landscape Sketching in Pen and Ink: With Notes on Architectural Subjects (Dover Art Instruction) (Record no. 9459)

000 -LEADER
fixed length control field 00514nam a2200145 4500
003 - CONTROL NUMBER IDENTIFIER
control field OSt
005 - DATE AND TIME OF LATEST TRANSACTION
control field 20210623163316.0
008 - FIXED-LENGTH DATA ELEMENTS--GENERAL INFORMATION
fixed length control field 210623b ||||| |||| 00| 0 eng d
020 ## - INTERNATIONAL STANDARD BOOK NUMBER
International Standard Book Number 9780486834283
082 ## - DEWEY DECIMAL CLASSIFICATION NUMBER
Classification number 743.836
Item number MAX
100 ## - MAIN ENTRY--PERSONAL NAME
Personal name Maxwell Donald
245 ## - TITLE STATEMENT
Title Landscape Sketching in Pen and Ink: With Notes on Architectural Subjects (Dover Art Instruction) Landscape Sketching in Pen and Ink: With Notes on Architectural Subjects (Dover Art Instruction)
260 ## - PUBLICATION, DISTRIBUTION, ETC. (IMPRINT)
Place of publication, distribution, etc New york
Name of publisher, distributor, etc Dover publishing
942 ## - ADDED ENTRY ELEMENTS (KOHA)
Source of classification or shelving scheme
Holdings
Withdrawn status Lost status Source of classification or shelving scheme Damaged status Koha normalized classification for sorting Not for loan Permanent location Current location Date acquired Full call number Barcode Date last seen Price effective from Koha item type
        743_836000000000000_MAX   BMS College of Architecture, Design and Planning BMS College of Architecture, Design and Planning 2021-06-23 743.836 MAX AR-UG2179 2021-06-23 2021-06-23 UG Books
Copyright © 2025, The Librarian, Library and Information Centre, BMSCA D&P, Bengaluru. All Rights Reserved
web counter

Powered by Koha